<?xml version="1.0" encoding="UTF-8"?>
<record
    xmlns:xsi="http://www.w3.org/2001/XMLSchema-instance"
    xsi:schemaLocation="http://www.loc.gov/MARC21/slim http://www.loc.gov/standards/marcxml/schema/MARC21slim.xsd"
    xmlns="http://www.loc.gov/MARC21/slim">

  <leader>01269nam a22001577a 4500</leader>
  <controlfield tag="005">20260702151603.0</controlfield>
  <datafield tag="020" ind1=" " ind2=" ">
    <subfield code="a">9798289342904</subfield>
  </datafield>
  <datafield tag="082" ind1=" " ind2=" ">
    <subfield code="a">658.409GEM</subfield>
  </datafield>
  <datafield tag="100" ind1=" " ind2=" ">
    <subfield code="a">Gemberling, Dean.</subfield>
  </datafield>
  <datafield tag="245" ind1=" " ind2=" ">
    <subfield code="a">Servant Leadership Made Simple:</subfield>
    <subfield code="b">7 Essential Steps to Build Trust, Inspire Loyalty, Strengthen Relationships, and Lead with Lasting Impact</subfield>
  </datafield>
  <datafield tag="260" ind1=" " ind2=" ">
    <subfield code="a">Independently published</subfield>
    <subfield code="b">Independently published</subfield>
    <subfield code="c">2025</subfield>
  </datafield>
  <datafield tag="300" ind1=" " ind2=" ">
    <subfield code="a">143p.</subfield>
  </datafield>
  <datafield tag="520" ind1=" " ind2=" ">
    <subfield code="a">Servant Leadership Made Simple by Elijah T. Grant presents a practical guide to developing leadership by putting the needs and growth of others first. The book explains how leaders can build trust, strengthen relationships, inspire loyalty, and create high-performing teams through humility, empathy, active listening, ethical decision-making, and service. Rather than relying on authority or position, it encourages readers to lead by example, empower others, foster collaboration, and cultivate a positive organizational culture. Through clear, actionable steps and real-world applications, the book demonstrates that servant leadership is an effective approach for achieving sustainable organizational success while promoting the personal and professional development of employees</subfield>
  </datafield>
  <datafield tag="650" ind1=" " ind2=" ">
    <subfield code="a">Leadership</subfield>
  </datafield>
  <datafield tag="942" ind1=" " ind2=" ">
    <subfield code="c">BK</subfield>
  </datafield>
  <datafield tag="999" ind1=" " ind2=" ">
    <subfield code="c">11532</subfield>
    <subfield code="d">11532</subfield>
  </datafield>
  <datafield tag="952" ind1=" " ind2=" ">
    <subfield code="0">0</subfield>
    <subfield code="1">0</subfield>
    <subfield code="4">0</subfield>
    <subfield code="7">0</subfield>
    <subfield code="a">U001</subfield>
    <subfield code="b">U001</subfield>
    <subfield code="c">Leadership</subfield>
    <subfield code="d">2026-06-19</subfield>
    <subfield code="g">63328.00</subfield>
    <subfield code="l">0</subfield>
    <subfield code="o">658.409GEM</subfield>
    <subfield code="p">UR010576</subfield>
    <subfield code="r">2026-06-29 10:30:27</subfield>
    <subfield code="w">2026-06-29</subfield>
    <subfield code="y">BK</subfield>
  </datafield>
  <datafield tag="952" ind1=" " ind2=" ">
    <subfield code="0">0</subfield>
    <subfield code="1">0</subfield>
    <subfield code="4">0</subfield>
    <subfield code="7">0</subfield>
    <subfield code="a">U001</subfield>
    <subfield code="b">U001</subfield>
    <subfield code="c">Leadership</subfield>
    <subfield code="d">2026-06-19</subfield>
    <subfield code="g">63328.00</subfield>
    <subfield code="l">0</subfield>
    <subfield code="o">658.409GEM</subfield>
    <subfield code="p">UR010575</subfield>
    <subfield code="r">2026-06-29 10:30:40</subfield>
    <subfield code="w">2026-06-29</subfield>
    <subfield code="y">BK</subfield>
  </datafield>
  <datafield tag="952" ind1=" " ind2=" ">
    <subfield code="0">0</subfield>
    <subfield code="1">0</subfield>
    <subfield code="4">0</subfield>
    <subfield code="7">0</subfield>
    <subfield code="a">U002</subfield>
    <subfield code="b">U002</subfield>
    <subfield code="c">Leadership</subfield>
    <subfield code="d">2026-06-19</subfield>
    <subfield code="l">0</subfield>
    <subfield code="o">658.409GEM</subfield>
    <subfield code="p">URD002922</subfield>
    <subfield code="r">2026-07-02 15:18:01</subfield>
    <subfield code="w">2026-06-19</subfield>
    <subfield code="y">BK</subfield>
  </datafield>
  <datafield tag="952" ind1=" " ind2=" ">
    <subfield code="0">0</subfield>
    <subfield code="1">0</subfield>
    <subfield code="4">0</subfield>
    <subfield code="7">0</subfield>
    <subfield code="a">U002</subfield>
    <subfield code="b">U002</subfield>
    <subfield code="c">Leadership</subfield>
    <subfield code="d">2026-06-19</subfield>
    <subfield code="l">0</subfield>
    <subfield code="o">658.409GEM</subfield>
    <subfield code="p">URD002921</subfield>
    <subfield code="r">2026-07-02 15:18:54</subfield>
    <subfield code="w">2026-06-19</subfield>
    <subfield code="y">BK</subfield>
  </datafield>
</record>
